000 00366nam a2200169Ia 4500
003 0STCL
008 150530s9999 xx 000 0 und d
040 _aSTCL
_cSTCL
100 _aChesterton, G.K.
245 _aCharles Dickens
250 _aTwentyfifth
260 _c1925
546 _aEnglish
942 _2ddc
_cBK
999 _c52637
_d52637
005 20220125170902.0